Beauty and The Beast
| Format: | Book |
|---|---|
| Published: |
England :
Peter Haddock Ltd ,
19-
|
| Series: | Never-never land stories
|
| Subjects: |
MARC
| LEADER | 00000cam a2200000 7i4500 | ||
|---|---|---|---|
| 001 | 0000009601 | ||
| 002 | 000010462 | ||
| 005 | 20000330.0 | ||
| 020 | |a T000000798 | ||
| 090 | 0 | 0 | |a JF |b BEA |
| 245 | 1 | 0 | |a Beauty and The Beast |c illustrtated by Stephanie Longfoot |
| 260 | |a England : |b Peter Haddock Ltd , |c 19- | ||
| 300 | |a p.v : |b ill ; |c 17cm. | ||
| 490 | 0 | |a Never-never land stories | |
| 650 | 0 | 0 | |a Children's stories |
| 999 | |a 047565 |b BUKU |c PINJAMAN |e PERPUSTAKAAN KOMUNITI PETALING JAYA | ||
| 999 | |a 047566 |b BUKU |c PINJAMAN |e PERPUSTAKAAN KOMUNITI PETALING JAYA | ||